Pokémon de A-Z - Statistiques

Statistiques générales
  • Ce quiz a été pris 124 fois
  • Le résultat moyen est 17 sur 26
Statistiques - réponses
Hint Réponse % Correct
A : Lieu où tous les dresseur possèdent des Pokémons du même Type Arène
91%
F : Dernier nouveau Type en date Fée
91%
B : L'un des deux premiers jeux Pokémon Bleu
88%
E : Ce qui permet au Pokémon de monter de niveau Exp
88%
D : Spin-off se concentrant sur un Pikachu résolvant des énigmes Détective Pikachu
87%
S : Personnage principal de l'Animé Sacha
86%
L : Lieu où l'on peut devenir le meilleur dresseur de la région Ligue
85%
J : Membre masculin de la team Rocket James
83%
M : Gimmick de la 6ème génération améliorant les Pokémons après l'utilisation d'une pierres personnalisée Méga Évolution
82%
W : Gros Pokémon Baleine Wailord
80%
O : Championne de Type Eau de Kanto et acolyte de Sacha dans lespremières saisons de l'Anime Ondine
79%
R : Jeu Pokémon mettant en valeur le Pokémon Groudon Rubis
79%
C : Championne de la ligue au Carchacrok redoutée Cynthia
74%
N : Rival du joueur à Unys N
72%
Y : Pokémon Libellule Yanma
69%
V : Jeu Pokémon mettant en valeur des version futuristes d'ancien Pokémons Violet
65%
X : Pokémon oiseau de la 2ème génération Xatu
65%
Z : Légendaire faisant partie du trio de la Vie Zygarde
62%
I : Championne de la Ligue succédant à Goyah Iris
61%
T : Gimmick de la 9ème génération rendant les Pokémons brillants Téracristalisation
43%
Q : Pokémon singe faisant partie d'un duo de la 7ème génération Quartermac
42%
P : Type d'objet permettant d'évoluer un Pokémon comme Pikachu Pierres
36%
G : Pokémon ayant une forme régionale à Hisui Guériaigle
31%
U : Champion d'arène de Type Glace de Kalos Urup
24%
H : 1 des Groupe d'Oeuf Humanoïde
21%
K : Champion d'arène de Type Feu de Galar Kabu
17%
Aucun quiz correspondant
Distribution des résultats
% des personnes avec chaque résultat
Percentile par nombre de réponses
Votre historique - résultats
Vous n’avez pas pris ce quiz